The Indian Economy Problems and Prospects: (Record no. 196493)
[ view plain ]
| 000 -LEADER | |
|---|---|
| fixed length control field | 00651nam a22002057a 4500 |
| 005 - DATE AND TIME OF LATEST TRANSACTION | |
| control field | 20230705124954.0 |
| 010 ## - LCCN (DPL NO) | |
| LC control number | ENG-137272 |
| 020 ## - INTERNATIONAL STANDARD BOOK NUMBER | |
| International Standard Book Number | 0198069456 |
| Terms of availability | 1150.00 |
| 020 ## - INTERNATIONAL STANDARD BOOK NUMBER | |
| International Standard Book Number | 9780198069454 |
| 035 ## - SYSTEM CONTROL NUMBER | |
| System control number | EN-120804 |
| 037 ## - SOURCE OF ACQUISITION | |
| Source of stock number/acquisition | DBAD/PUB |
| 082 ## - DEWEY DECIMAL CLASSIFICATION NUMBER | |
| Classification number | 338.954 |
| 245 ## - TITLE STATEMENT | |
| Title | The Indian Economy Problems and Prospects: |
| Statement of responsibility, etc | Edit by Sulabha Brahme |
| Remainder of title | Selected writings of D.R. Gadgil/ |
| 260 ## - PUBLICATION, DISTRIBUTION, ETC. (IMPRINT) | |
| Place of publication, distribution, etc | New Delhi |
| Date of publication, distribution, etc | 2011 |
| Name of publisher, distributor, etc | Oxford University Press |
| 270 ## - ADDRESS | |
| Address | YMCA Library Building, Jai Singh Road |
| City | New Delhi |
| Postal code | 110001 |
| 300 ## - PHYSICAL DESCRIPTION | |
| Extent | xliv, 433pg |
| Dimensions | 25cm(hb) |
| 600 ## - SUBJECT ADDED ENTRY--PERSONAL NAME | |
| Dates associated with a name | |
| 700 ## - ADDED ENTRY--PERSONAL NAME | |
| Personal name | Brahme, Sulabha |
| 942 ## - ADDED ENTRY ELEMENTS (KOHA) | |
| Source of classification or shelving scheme | Dewey Decimal Classification |
| Item type | English Books |
| Call number suffix | IND |
| Classification part | 338.954 |
| Withdrawn status | Lost status | Not for loan | Collection code | Home library | Current library | Date acquired | Source of acquisition | Cost, normal purchase price | Full call number | Barcode | Copy number | Cost, replacement price | Koha item type |
|---|---|---|---|---|---|---|---|---|---|---|---|---|---|
| Non-fiction | Narela | Narela | 05/07/2023 | DBAD/PUB | 1150.00 | 338.954 IND | EN-120804 | 1 | 1150.00 | English Books |
